Dubai Airport (DXB) Destinations - Statistics

General Stats
  • This quiz has been taken 718 times
    624 since last reset
  • The average score is 112 of 253
Answer Stats
Hint Answer % Correct
Emirates, Ural Air Moscow-Domodedovo
92%
Aeroflot, flydubai Moscow–Sheremetyevo
92%
Aeroflot, flydubai Moscow–Vnukovo
92%
Emirates London-Gatwick
89%
British Airways, Emirates, Royal Brunei Air, Virgin Atlantic London-Heathrow
89%
Air France, Emirates Paris-Charles de Gaulle
89%
Air China, Emirates Beijing-Capital
85%
Air India, Air India Express, Emirates, flydubai, IndiGo, Jet Air, SpiceJet Mumbai
85%
Emirates New York-JFK
85%
EgyptAir, Emirates Cairo
84%
Air India, Air India Express, Emirates, flydubai, IndiGo, Jet Air, SpiceJet Delhi
83%
Emirates, flydubai, Qatar Air Doha
83%
Emirates Oslo–Gardermoen
83%
China Eastern, Emirates Shanghai-Pudong
83%
Emirates, Turkish Air Istanbul-Ataturk
82%
flydubai, Pegasus Air, Turkish Air Istanbul–Sabiha Gökçen
82%
Cathay Pacific, Emirates Hong Kong
81%
Emirates Madrid
80%
Emirates, flydubai, Flynas, Saudia Riyadh
80%
Caspain Air, Emirates, flydubai, Iran Air, Iran Aseman Air, Mahan Air, Qeshm Air Tehran–Imam Khomeini
80%
Emirates, KLM, Transavia Amsterdam
79%
Emirates Barcelona
79%
Finnair, Norwegian Air Shuttle Helsinki
79%
Airblue, Emirates, Pakistan Intl Air, Shaheen Air Islamabad
79%
Emirates, Singapore Air Singapore
79%
Emirates, Norwegian Air Shuttle Stockholm-Arlanda
79%
Emirates, flydubai, Thai Air Bangkok-Suvarnabhumi
78%
Emirates, Lufthansa Frankfurt
78%
Airblue, Emirates, flydubai, Pakistan Intl Air, Shaheen Air Karachi
78%
Emirates Los Angeles
78%
Emirates Rome-Fiumicino
78%
Emirates, Korean Air Seoul-Incheon
78%
Emirates Tokyo-Haneda
78%
Emirates Tokyo-Narita
78%
Air Canada, Emirates Toronto-Pearson
78%
Emirates Cape Town
77%
Emirates, flydubai, Flynas, Saudia, Somon Air Jeddah
77%
Emirates Johannesburg
77%
Emirates Milan-Malpensa
76%
Emirates Munich
76%
Emirates, flydubai, Gryphon Air, Jazeera Air, Kuwait Air Kuwait
75%
Emirates, flydubai, Oman Air, SalamAir, Swiss Air Muscat
75%
Emirates Sydney
75%
Emirates, Swiss Air Zurich
75%
Emirates, Norwegian Air Shuttle Copenhagen
73%
Cebu Pacific, Emirates, Philippine Air Manila
73%
African Express Air, Emirates, Kenya Air Nairobi
73%
Emirates Athens
72%
China Southern, Emirates Guangzhou
72%
Emirates, flydubai, Jordan Aviation, Royal Jordanian Amman
71%
Air Astana, flydubai Astana
71%
Emirates Dublin
71%
Emirates Jakarta
71%
Emirates Melbourne
71%
Emirates St. Petersburg
71%
Air Algerie, Emirates Algiers
70%
Emirates Lisbon
70%
Emirates Manchester
70%
Emirates, Ethiopian Air, flydubai Addis Ababa
69%
Emirates, flydubai, Iraqi Air Baghdad
69%
Emirates Chicago-O'hare
69%
Emirates, flydubai, SriLankan Air Colombo
69%
Biman Bangladesh, Emirates, flydubai Dhaka
69%
Emirates Kuala Lumpur
69%
Emirates Osaka-Kansai
69%
Emirates San Francisco
69%
Emirates Boston
68%
Emirates Vienna
68%
Emirates Brussels
67%
Airblue, Emirates, Pakistan Intl Air, Shaheen Air Lahore
67%
AZALjet, flydubai Baku
66%
Emirates Casablanca
66%
Air India, Emirates, flydubai, IndiGo Chennai
66%
Emirates Dallas/Fort Worth
66%
Emirates Perth
66%
Emirates, Enter Air Warsaw
66%
Emirates, flydubai, Middle East Airlines Beirut
65%
Emirates Lagos
65%
Emirates Auckland
64%
Emirates Budapest
64%
Emirates Tunis
64%
flydubai Alexandria–Borg el Arab
63%
EgyptAir Alexandria-El Nouzha
63%
Cathay Pacific, Emirates, flydubai, Gulf Air Bahrain
63%
flydubai, TAROM Bucharest-Otopeni
63%
Ariana Afghan Air, Emirates, flydubai, Kam Air, Safi Air Kabul
63%
Emirates Rio de Janeiro
63%
Emirates Washington-Dulles
63%
Emirates Geneva
62%
Air India, Emirates, flydubai, IndiGo Hyderabad
62%
Emirates Taipei-Taoyuan
62%
Emirates Hanoi
61%
Emirates Houston-Intercontinental
61%
Emirates Seattle/Tacoma
61%
Air India, Emirates, IndiGo Bangalore
60%
Emirates Ho Chi Minh City
60%
Emirates, flydubai, SmartWings Prague
60%
Emirates Sao Paulo
60%
Syrian Air Damascus
59%
flydubai Kiev–Zhulyany
59%
Emirates, flydubai Dar es Salaam
58%
flydubai, Nepal Air Kathmandu
58%
Emirates Brisbane
57%
Emirates Hamburg
57%
Emirates Accra
56%
Emirates Buenos Aires
56%
Emirates Dusseldorf
56%
Emirates Birmingham
55%
Emirates Glasgow
55%
Emirates, flydubai Khartoum
55%
Emirates, flydubai Male
55%
flydubai Sofia
55%
Air Astana, flydubai Almaty
54%
Emirates, flydubai, Flynas, Saudia Medina
53%
Emirates Venice
53%
Emirates Abuja
52%
Emirates Adelaide
52%
flydubai Belgrade
52%
Emirates Lyon
52%
Emirates, flydubai Zagreb
52%
Sichuan Air Chengdu
51%
Emirates Dakar
51%
China Southern Shenzhen
49%
flydubai Yerevan
49%
Emirates, flydubai, SpiceJet Ahmedabad
47%
flydubai Tbilisi
47%
China Southern Wuhan
47%
Air Kyrgyzstan, flydubai Bishkek
46%
African Express Air, Daallo Air, Jubba Air Mogadishu
46%
Emirates Phuket
46%
flydubai, Turkmenistan Air Ashgabat
45%
Emirates Durban
45%
Emirates Luanda
45%
RwandAir Kigali
42%
Emirates Orlando
42%
flydubai Juba
40%
flydubai Krakow
40%
Air Moldova Chisinau
39%
Air China Chongqing
39%
Emirates Denpasar
39%
Emirates Yangon
39%
Emirates Abidjan
38%
Royal Brunei Air Bandar seri Begawan
38%
Emirates Cebu
38%
Emirates, flydubai, Flynas, Saudia Dammam
38%
Emirates Newark
38%
Eritrean Air, flydubai Asmara
37%
Daallo Air, flydubai, Jubba Air Djibouti
37%
flydubai, Somon Air Dushanbe
37%
Air India Express, SpiceJet Pune
37%
Biman Bangaldesh, flydubai Chittagong
35%
Emirates Harare
35%
Emirates Lusaka
35%
Emirates, flydubai, Iraqi Air Basra
34%
Emirates Mauritius
34%
Emirates Phnom Penh
34%
flydubai Sarajevo
34%
Emirates Christchurch
33%
Air India Express, SpiceJet Jaipur
31%
flydubai, Iran Aseman Air Lar
31%
RwandAir Mombasa
31%
flydubai Bratislava
30%
Emirates Malta
30%
flydubai Skopje
30%
Air India Goa
29%
flydubai, Iran Air, Kish Air, Qeshm Air, Taban Air Isfahan
29%
Air India Express, flydubai Lucknow
29%
flydubai, Ural Air Yekaterinburg
28%
China Eastern Kunming
27%
Emirates Larnaca
27%
flydubai, Iraqi Air Erbil
26%
Emirates Newcastle upon Tyne
26%
Airblue, Emirates, Pakistan Intl Air, Shaheen Air Peshawar
26%
flydubai Zanzibar
26%
Yemenia Aden
25%
flydubai Kazan
25%
Air India, Air India Express, Emirates, flydubai, IndiGo, Jet Air, SpiceJet Kochi
25%
flydubai Shiraz
25%
China Southern Urumqi
25%
Emirates, flydubai, Iran Aseman Air, Taban Air Mashhad
24%
S7 Air Novosibirsk
24%
Emirates, flydubai Entebbe
22%
flydubai Odessa
22%
Emirates Conakry
21%
flydubai Podgorica
21%
flydubai Rostov-on-Don
21%
Emirates Mahe
20%
Emirates Bologna
19%
Primera Air Gothenburg
19%
flydubai, Ural Air Samara
19%
Caspian Air, flydubai, Kish Air Tabriz
19%
flydubai Dubrovnik
18%
Ariana Afghan Air, Gryphon Air Kandahar
18%
Air India Express, SpiceJet Amritsar
17%
flydubai, Oman Air Salalah
17%
Emirates Zhengzhou
17%
flydubai Faisalabad
16%
flydubai Ufa
16%
Jordan Aviation, Royal Jordanian Aqaba
15%
Emirates Fort Lauderdale
15%
Airblue, Emirates, flydubai, Shaheen Air Multan
15%
flydubai, Pakistan Intl Air Quetta
15%
Enter Air Katowice
14%
Air India, Air India Express, Emirates, flydubai, IndiGo, SpiceJet Kozhikode
14%
flydubai, Ural Air Krasnodar
14%
Air India Express, Emirates, IndiGo Thiruvananthapuram
13%
Emirates Clark
12%
Emirates, flydubai Sialkot
12%
Air India Express, Jet Air, SpiceJet Mangalore
11%
flydubai Batumi
10%
SpiceJet Madurai
10%
flydubai, Iraqi Air Najaf
10%
flydubai Port Sudan
10%
Ural Air Chelyabinsk
9%
Primera Air Malmo
9%
flydubai Sylhet
9%
IndiGo Chandigarh
8%
Emirates, Sichuan Air Yinchuan
8%
flydubai, Iran Air, Iran Aseman Air Bandar Abbas
7%
African Express Air, Daallo Air, flydubai, Jubba Air Hargeisa
7%
flydubai Abha
5%
flydubai Ta'if
5%
Air India Visakhapatnam
5%
flydubai Voronezh
5%
flydubai Tabuk
4%
Air India Express Tiruchirapalli
4%
flydubai Tivat
4%
African Express Air Berbera
3%
flydubai Ha'il
3%
SmartWings Ostrava
3%
flydubai Yanbu
3%
Iran Aseman Air Zahedan
3%
Iran Aseman Air Abadan
2%
Euro-Asia Air Atyrau
2%
flydubai, Saudia Gassim
2%
Iran Aseman Air Kermanshah
2%
flydubai Makhachkala
2%
Caspian Air Ahwaz
1%
flydubai Arar
1%
Jubba Air Bosaso
1%
Iran Aseman Air Bushehr
1%
flydubai Hambantota
1%
flydubai Jizan
1%
flydubai Mineralnye Vody
1%
Gryphon Air Ras al Khaimah
1%
Yamal Air Tyumen
1%
African Express Air Wajir
1%
Gryphon Air, Safi Air Bagram
0%
Iran Aseman Air Bandar Lengeh
0%
Pakistan Intl Air Dera Ghazi Khan
0%
Iran Aseman Air Gheshm
0%
flydubai Qabala
0%
flydubai Sakakah
0%
No matching quizzes found
Score Distribution
Percent of People with Each Score
Percentile by Number Answered
Your Score History
You have not taken this quiz since the last reset